Bytový dom

Salvato in:
Dettagli Bibliografici
Autore principale: Pružinová, Paulína (Autore)
Altri autori: Bisták, Andrej (Relatore della tesi)
Natura: Manoscritto Libro
Lingua:slovacco
Pubblicazione: 2022
Soggetti:
Accesso online:http://is.stuba.sk/zp/portal_zp.pl?podrobnosti=155645
https://opac.crzp.sk/?fn=detailBiblioForm&sid=EC9507141B5FF6F04503CDC822A1
Tags: Aggiungi Tag
Nessun Tag, puoi essere il primo ad aggiungerne!!

MARC

LEADER 00000ntm a22000003a 4500
001 stuzp89703
003 SK-STU
005 20230509145111.1
007 ta
008 150427s2015----xo-----f-mn---000-0-slo-d
040 |a STU  |b slo 
041 0 |a slo 
100 1 |a Pružinová, Paulína  |u 010270  |4 aut  |U SvF Stavebná fakulta  |T SvF Katedra technológie stavieb  |X 103577  |U V270  |Y 28  |7 103577 
242 0 1 |a Residential house  |y eng 
245 1 0 |a Bytový dom 
260 |c 2022 
650 4 |a bytový dom  |2 slo 
650 4 |a drevená fasáda  |2 slo 
650 4 |a odvetraná fasáda  |2 slo 
650 4 |a polyfunkčný bytový dom  |2 slo 
650 4 |a housing building  |2 eng 
650 4 |a wooden facade  |2 eng 
650 4 |a ventilated facade  |2 eng 
700 1 |a Bisták, Andrej  |u 010906  |k Z7  |4 ths  |U SvF Oddelenie projektov a vonkajších vzťahov  |T SvF Oddelenie vzťahov s verejnosťou  |X 66824  |U 010906  |Y 188  |7 A000066824 
856 4 |u http://is.stuba.sk/zp/portal_zp.pl?podrobnosti=155645 
856 4 |u https://opac.crzp.sk/?fn=detailBiblioForm&sid=EC9507141B5FF6F04503CDC822A1